| 000 | 00753nam a22002057a 4500 | ||
|---|---|---|---|
| 003 | OSt | ||
| 005 | 20260306061703.0 | ||
| 008 | 260306b |||||||| |||| 00| 0 eng d | ||
| 020 | _a978-1-4075-2527-3 | ||
| 040 |
_aDWCL-Main Lib _cOC |
||
| 082 | _aGR. 502 Q5 2008 | ||
| 100 | _aGrim, Alexander ...[ET.AL] | ||
| 245 | _aQuestions & answers : science and technology : physics, chemistry, biology, medical technology, earth science, transport and space travel, information technology | ||
| 260 |
_aNew York : _bParagon, _cc 2008 |
||
| 300 |
_a303 p. : _bill. ( chielfy col. ) ; _c28 cm. |
||
| 504 | _a1. Includes index. | ||
| 650 | _aScience - Miscellaner - Frequently ask questions. | ||
| 650 | _aTechnology Miscellaner. | ||
| 942 |
_2ddc _cGR _mGR. _n0 |
||
| 999 |
_c8710 _d8710 |
||